横浜市をめぐる情報環境の分析(昭和47年3月)
Đã lưu trong:
| 企業作者: | |
|---|---|
| 格式: | 圖書 |
| 語言: | Undetermined |
| 出版: |
「東京」
電気通信総合研究所
1972
|
| 主題: | |
| 標簽: |
添加標簽
沒有標簽, 成為第一個標記此記錄!
|
| Thư viện lưu trữ: | Trung tâm Học liệu Trường Đại học Cần Thơ |
|---|
| LEADER | 00557nam a2200181Ia 4500 | ||
|---|---|---|---|
| 001 | CTU_80748 | ||
| 008 | 210402s9999 xx 000 0 und d | ||
| 082 | |a 330.952 | ||
| 082 | |b D391 | ||
| 110 | |a 電気通信総合研究所 | ||
| 245 | 0 | |a 横浜市をめぐる情報環境の分析(昭和47年3月) | |
| 245 | 0 | |c 電気通信総合研究所 | |
| 260 | |a 「東京」 | ||
| 260 | |b 電気通信総合研究所 | ||
| 260 | |c 1972 | ||
| 650 | |a Economic Conditions | ||
| 904 | |i Ngoc,Hải | ||
| 980 | |a Trung tâm Học liệu Trường Đại học Cần Thơ | ||